Rise and rise of the land court (Record no. 78715)
[ view plain ]
| 000 -LEADER | |
|---|---|
| fixed length control field | 01054cab a22002055a 4500 |
| 001 - CONTROL NUMBER | |
| control field | L137802 |
| 008 - FIXED-LENGTH DATA ELEMENTS--GENERAL INFORMATION | |
| fixed length control field | 070501s2005 xxk f g 000 0 eng d |
| 035 ## - SYSTEM CONTROL NUMBER | |
| System control number | (Sirsi) u137802 |
| 041 0# - LANGUAGE CODE | |
| Language code of text/sound track or separate title | eng |
| 100 1# - MAIN ENTRY--PERSONAL NAME | |
| Personal name | Fox, Alasdair |
| 245 00 - TITLE STATEMENT | |
| Title | Rise and rise of the land court |
| 260 ## - PUBLICATION, DISTRIBUTION, ETC. | |
| Date of publication, distribution, etc. | 2005 |
| 490 #0 - SERIES STATEMENT | |
| Series statement | Journal of the Law Society of Scotland |
| Volume/sequential designation | 50(6) June 2005, 48(1) |
| 520 ## - SUMMARY, ETC. | |
| Summary, etc. | Agriculture article discusses the implications of moving primary jurisdiction over land disputes to the Scottish Land Court. Points out that there is now only one host of arbitration, and that it wields greater legal powers than arbiters did previously. Lists some areas which await case law precedent. Specifies the first such case to have occurred: the clarification of confusion surrounding the review of agricultural rents caused by a defective amendment. |
| 650 24 - SUBJECT ADDED ENTRY--TOPICAL TERM | |
| Topical term or geographic name entry element | AGRICULTURAL HOLDINGS (SCOTLAND) ACT 2003 |
| 650 24 - SUBJECT ADDED ENTRY--TOPICAL TERM | |
| Topical term or geographic name entry element | MORRISON-LOW V PATERSON |
| 651 #4 - SUBJECT ADDED ENTRY--GEOGRAPHIC NAME | |
| Geographic name | Scotland |
| Chronological subdivision | 1999- |
| 690 ## - LOCAL SUBJECT ADDED ENTRY--TOPICAL TERM (OCLC, RLIN) | |
| Topical term or geographic name as entry element | PROPERTY-RURAL AND NATURAL ASSETS-AGRICULTURAL PROPERTY |
| 942 ## - ADDED ENTRY ELEMENTS (KOHA) | |
| Suppress in OPAC | 0 |
| Withdrawn status | Lost status | Source of classification or shelving scheme | Damaged status | Not for loan | Home library | Current library | Shelving location | Date acquired | Total Checkouts | Full call number | Barcode | Date last seen | Copy number | Price effective from | Koha item type |
|---|---|---|---|---|---|---|---|---|---|---|---|---|---|---|---|
| Dewey Decimal Classification | London | London | Journal article | 01/05/2007 | L137802 | 137802-1001 | 06/08/2019 | 1 | 06/08/2019 | Journal article |